000 00352nam a22001217a 4500
003 SGT
082 _a891.4309
_bK20S
100 _aश्रीधर, विजयदत्त
245 _aकर्मवीर के सौ साल
260 _b विवेक श्रीधर प्रकाशन
_c2020
300 _a227
942 _2ddc
_cBK
999 _c29776
_d29776